| 000 | 02858nam0a2200421 4500 | ||
|---|---|---|---|
| 001 | RU\NLR\BIBL_A\012842660 | ||
| 005 | 20251126105423.0 | ||
| 010 |
_a978-5-86763-469-8 _980 |
||
| 021 |
_aRU _bКН-П-22-026692 _9КН-П-22-2291 |
||
| 035 | _a(NLR Aleph) 012842660 | ||
| 035 | _a(RuMoRGB)011056395 | ||
| 090 |
_a13469525 _c13469525 |
||
| 100 | _a20220707d2022 k y0rusy50 ca | ||
| 101 | 0 |
_arus _deng |
|
| 102 | _aRU | ||
| 105 | _aa|||z|||000zy | ||
| 181 | 0 |
_ai _baxxe |
|
| 182 | 0 | _an | |
| 200 | 1 |
_aТеплофизический расчет процесса бурения льда нагретой силиконовой жидкостью применительно к новой скважине подледникового озера Восток _fА. А. Захаров, М. Р. Колхидашвили, М. С. Онегин |
|
| 203 |
_aТекст _bвизуальный _cнепосредственный |
||
| 210 |
_aГатчина _cНИЦ "Курчатовский институт" - ПИЯФ _d2022 |
||
| 215 |
_a40, [1] с. _cил. _d21 |
||
| 225 | 1 |
_aПрепринт _fНац. исслед. центр "Курчат. ин-т", Петерб. ин-т ядер. физики им. Б. П. Константинова Нац. исслед. центра "Курчат. ин-т" _v3066 |
|
| 300 | _aРез. англ. | ||
| 320 | _aБиблиогр.: с. 40-41 (20 назв.) | ||
| 330 | _aРассматривается возможность использования нагретой силиконовой жидкости для скоростного бурения глубоких ледниковых скважин. В работе представлена расчетная схема скважины, описана методика теплофизического расчета, выполнена верификация компьютерной программы и приведены результаты расчета процесса бурения новой скважины к озеру Восток. Работа выполнена в Отделении перспективных разработок (ОПЯФ) | ||
| 606 | 1 |
_aЛед _xБурение _yАнтарктида _2nlr_sh1 _2nlr_sh2 _3RU\NLR\AUTH\66666187 |
|
| 607 |
_aВосток, подледниковое озеро (Антарктида) _xИсследование _2nlr_sh2 _3RU\NLR\AUTH\6601642565 |
||
| 675 |
_a551.343:622.23(99) _v4 |
||
| 686 | 1 | _aД226.9(887.1) | |
| 686 | 1 | _aД443.571.36 | |
| 700 | 1 |
_aЗахаров _bА. А. _cканд. физ.-мат. наук _f1958- _gАркадий Анатольевич _3RU\NLR\AUTH\7794446 |
|
| 701 | 1 |
_aКолхидашвили _bМ. Р |
|
| 701 | 1 |
_aОнегин _bМ. С |
|
| 942 | _cBOOK | ||
| 980 | _aNB | ||